Lady and the tramp : (Record no. 7352)

MARC details
000 -LEADER
fixed length control field 01259nam a22002777a 4500
001 - CONTROL NUMBER
control field 7352
003 - CONTROL NUMBER IDENTIFIER
control field FISKH
005 - DATE AND TIME OF LATEST TRANSACTION
control field 20250710104840.0
008 - FIXED-LENGTH DATA ELEMENTS--GENERAL INFORMATION
fixed length control field 250710b cb ||||| |||| 00| 0 eng d
020 ## - INTERNATIONAL STANDARD BOOK NUMBER
International Standard Book Number 9781423161417
040 ## - CATALOGING SOURCE
Original cataloging agency FISKH
Language of cataloging eng
Transcribing agency FISKH
Modifying agency FISKH
050 ## - LIBRARY OF CONGRESS CALL NUMBER
Classification number PZ7.O78417 L
082 ## - DEWEY DECIMAL CLASSIFICATION NUMBER
Classification number 488
100 ## - MAIN ENTRY--PERSONAL NAME
Personal name Anonymous
245 ## - TITLE STATEMENT
Title Lady and the tramp :
Remainder of title Read Along story book and CD
260 ## - PUBLICATION, DISTRIBUTION, ETC.
Place of publication, distribution, etc. New York :
Name of publisher, distributor, etc. Disney Press,
Date of publication, distribution, etc. 2012.
300 ## - PHYSICAL DESCRIPTION
Extent 32 unnumbered pages :
Other physical details color illustrations ;
Dimensions 21 cm
500 ## - GENERAL NOTE
General note To find out what happens when a cocker spaniel named Lady meets a mutt named Tramp, read along with me in your book. You will know it's time to turn the page when you hear this sound. . . let's begin now.
505 ## - FORMATTED CONTENTS NOTE
Formatted contents note O<br/>
520 ## - SUMMARY, ETC.
Summary, etc. Juvenile Fiction. Juvenile Literature. Picture Book Fiction. Experience the magic of Lady and the Tramp in this enhanced read-along eBook that features real character voices, sound effects, and word-for-word narration! Follow along as two dogs from very different worlds embark on the romantic journey of a lifetime!.
521 8# - TARGET AUDIENCE NOTE
Target audience note 610<br/>
Source Lexile AD<br/>
521 8# - TARGET AUDIENCE NOTE
Target audience note O<br/>
Source Raz-Plus<br/>
650 ## - SUBJECT ADDED ENTRY--TOPICAL TERM
Topical term or geographic name entry element Friendship
Form subdivision Lady and the Tramp
General subdivision Hardcover
942 ## - ADDED ENTRY ELEMENTS (KOHA)
Source of classification or shelving scheme Dewey Decimal Classification
Koha item type Books
Suppress in OPAC No
Holdings
Withdrawn status Lost status Source of classification or shelving scheme Damaged status Not for loan Collection Home library Current library Shelving location Date acquired Total Checkouts Full call number Barcode Date last seen Copy number Price effective from Koha item type
    Dewey Decimal Classification     Juvenile Fiction Footprints International School Library Network Toul Kork Campus Footprints International School Library Network Toul Kork Campus TK Primary Library Room(4th Floor), Bookcase 3&4, Shelves 17-32, Yellow Books 07/10/2025   ANO 488 PZ7.O78417 L 2025-1809 07/10/2025 1 07/10/2025 Books